000 00276nam a2200121 a 4500
008 101022s1978|||| d
245 1 0 _aDvacettisíc zlodejú
100 1 _aLambert, Eric
020 _c28
041 _aces
260 _bNaše vojsko
_aPraha
_c1978
044 _aCZ
999 _c11317
_d11317